000
002370000a22000970004500
100
1
_a
Hill, Jo
245
1
0
_a
Last change summit : World leaders must act now
300
_a
Num. 19 (2002), Páginas 18-20
773
0
_t
Teartimes
942
_c
ANA
999
_c
55968
_d
55968